| 000 | 00651nam a2200193 a 4500 | ||
|---|---|---|---|
| 001 | 000047379 | ||
| 005 | 20201002060517.0 | ||
| 008 | 140627s2002 dr 000 0 spa d | ||
| 040 |
_aDO-SdBNP _bspa _cBNPHU |
||
| 082 | _a371.26 | ||
| 245 | 0 | 0 |
_aLibro de ítemes de 8vo. curso : _bpara las Pruebas Nacionales / _cAda Salazar... [et.al]. |
| 260 |
_aSanto Domingo : _bEducanco, _c2002. |
||
| 300 |
_a177 p. ; _c22 cm. |
||
| 505 | 0 |
_gv. 2 _tBachillerato |
|
| 590 | _aInventariado, 2018/VM | ||
| 650 | 4 |
_aEducación _xRepública dominicana _917526 |
|
| 650 | 4 |
_aMediciones y pruebas educativas _zRepública Dominicana _937822 |
|
| 700 | 1 |
_aSalazar, Ada _975029 |
|
| 999 |
_c46867 _d46867 |
||